Τα χαρακτικά της Χίου = The engravings of Chios

Αποθηκεύτηκε σε:
Λεπτομέρειες βιβλιογραφικής εγγραφής
Άλλοι συγγραφείς: Κούτσικας, Κώστας Ε. (Επιμελητής έκδοσης)
Μορφή: Βιβλίο
Γλώσσα:Greek
Δημοσίευση: Αθήνα : Ακρίτας, 1994
Σειρά:Σειρά "Αίπος" ; ; 14
Θέματα:
Ετικέτες: Προσθήκη ετικέτας
Δεν υπάρχουν, Καταχωρήστε ετικέτα πρώτοι!

MARC

LEADER 00000nam a2200000 i 4500
001 1/56532
008 950510s1994 gre d
020 |a 960-85662-0-7 (τ.2) 
020 |a 960-328-012-7 (τ.1) 
035 |l 10000004 
040 |a GR-MY-UA  |b gre  |e aacr 
041 0 |a gre 
082 0 |a 767.209499 
245 1 3 |a Τα χαρακτικά της Χίου =  |b The engravings of Chios /  |c επιμέλεια Κώστα Κούτσικα 
260 |a Αθήνα :   |b Ακρίτας,   |c 1994 
300 |a 2τ. (τ.1:334σ., τ.2:375σ.)  |b εικ., χάρτ. 
490 1 |a Σειρά "Αίπος"  |v ; 14 
500 |a Συλλογή Κώστα και Δέσποινας Κούτσικα 
505 0 |a τ.1: οι ενδυμασίεςτ.2: χάρτες - τοπία 
600 1 0 |a Κούτσικας Κώστας. 
600 1 0 |a Κούτσικα Δέσποινα. 
650 0 0 |a Engraving, Greek  |z Greece  |z Chios Island  |x Catalogs. 
650 0 0 |a Engraving  |x Private collections  |z Greece  |x Catalogs. 
700 1 |a Κούτσικας, Κώστας Ε.  |4 edt 
740 0 2 |a Οι ενδυμασίες 
740 0 2 |a Χάρτες - τοπία 
830 0 |a Σειρά "Αίπος" ;  |v ; 14 
852 |a INST  |b CHIOS  |e 19950510  |h 767.209499 ΧΑΡ  |p 005200001876  |q 005200001876  |t BK  |y 0  |z τ.1 
852 |a INST  |b CHIOS  |e 20011204  |h 767.209499 ΧΑΡ  |p 005200020690  |q 005200020690  |t BK  |y 0  |z τ.2 
852 |a INST  |b CHIOS  |e 19950510  |h 767.209499 ΧΑΡ  |p 005200001876  |q 005200001876  |t BK  |v τ.1:  |y 0  |z τ.1 
852 |a INST  |b CHIOS  |e 20011204  |h 767.209499 ΧΑΡ  |p 005200020690  |q 005200020690  |t BK  |v τ.2:  |y 0  |z τ.2 
853 |a INST  |b CHIOS  |h 767.209499 ΧΑΡ 
901 |a BIBL2-2001-3 
909 |a Χ  |b 098321 
909 |a Χ  |b 039923 
922 |a 2ΕΛΗ  |b 200111  |c ΒΙΒΛΙΟΘΗΚΗ ΧΙΟΥ  |d ΚΡΟΜΜΥΔΑΣ 
950 |a 082-2001-10-31 
970 |a ΣΑΛΑΜΟΥΡΑ  |b ΜΑΡΙΑ  |z 2001/12/04